O postupe prestavby Z pracovnej návštevy I. Knoteka v Severomoravskom kraji ; Ivan Knotek

Podrobná bibliografia
Médium: Článok
Jazyk:slovenčina
Predmet:

MARC

LEADER 00000nab a2200000 a 4500
001 vtls000358328
003 SK-MaSNL
005 20260302223642.0
008 111201c1989 xo 0 slo
015 |a SNBRB19rr/mm-uuuuu 
035 |a CL0358450 
040 |a SNKBUCL  |b slo  |c SNKBUCL  |e AACR2 
041 0 |a slo 
044 |a xo  |c SK 
080 |a 323(437)  |2 1981 
245 0 0 |a O postupe prestavby  |b Z pracovnej návštevy I. Knoteka v Severomoravskom kraji ; Ivan Knotek 
650 0 7 |a Severomoravský kraj  |2 snkbucl  |9 927453 
651 7 |a 3800  |2 snkbucl  |9 921782 
655 7 |a články z novín a časopisov  |2 snkbucl  |9 267496 
773 0 |t Pravda  |g Roč. 70, č. 192 (16. 8. 1989), s. 1 
850 |a Slovenská národná knižnica v Martine  |a MTA001 
852 |a SNK  |b KIS3GCP 
958 |a RK 
992 |a RBX 
999 |c 1521268  |d 1523198